Liedtext - Hässlich - AYLIVA - Statistiken

Allgemein
  • Dieses Quiz wurde 497 mal gespielt
  • Das Durchschnittsergebnis liegt bei 203 aus 291
Antwortstatistiken
Textquiz % Korrekt
du
96%
Du
96%
hässlich
92%
Ich
92%
ich
92%
aus
91%
Sie
90%
sie
90%
wie
84%
nicht
83%
bist
81%
so
81%
So
81%
die
80%
hab'
80%
Hab'
80%
siehst
80%
Und
80%
und
80%
mich
79%
da
78%
mit
78%
Mit
78%
an
76%
was
76%
dich
75%
Dich
75%
weiß
75%
den
74%
mir
73%
geseh'n
72%
ihr
72%
nie
72%
ohne
72%
Aber
69%
aber
69%
dem
69%
wenn
69%
einfach
68%
von
68%
auf
67%
dir
67%
ist
67%
kenn'
67%
Nichts
67%
nichts
67%
aussiehst
66%
Art
65%
Geht
65%
gesehen
65%
alles
64%
lachst
64%
anziehst
63%
Find'
63%
geliebt
63%
passt
63%
Sack
63%
wo
63%
Er
62%
er
62%
kein
62%
liebst
62%
richtig
62%
Auch
61%
küsst
61%
bleibst
60%
jetzt
60%
Glaub
59%
glaub'
59%
sag'
59%
sich
59%
um
59%
Gleichgewicht
58%
dabei
57%
vermiss'
57%
es
56%
Kennst
55%
wichtig
55%
zu
55%
Babe
54%
Chick
54%
in
53%
irgendeiner
53%
vorbei
53%
war
53%
Äh
52%
äh
52%
Lauf'
52%
wieder
52%
frei
51%
Für
51%
seh'n
51%
Bye
50%
bye
50%
Ähm
49%
fühl'
49%
nein
49%
Während
49%
weg
49%
endlich
48%
Endlich
48%
fest
48%
fragt
48%
jemand
48%
dann
47%
dass
47%
immer
47%
weh
47%
tat
46%
ihn
45%
weiterdreht
45%
dein'n
44%
hieß
44%
schäm'
44%
seitdem
44%
also
43%
krass
43%
Nam'n
43%
will
42%
durch
39%
Hältst
39%
ähm
38%
Ähm
38%
denkt
37%
irgendjemand
37%
weil
34%
ach
24%
warte
6%
Keine übereinstimmenden Quizze gefunden
Verteilung der Resultate
Anzahl Personen mit jedem Resultat
Perzentil nach korrekt beantworteten Fragen
Ihre Resultats-Entwicklung
Sie haben dieses Quiz noch nicht gespielt